Länder mit den meisten Touristen in Europa - Statistiken

Allgemein
  • Dieses Quiz wurde 297 mal gespielt
  • Das Durchschnittsergebnis liegt bei 14 aus 15
Antwortstatistiken
Platz Land Anzahl % Korrekt
4. Deutschland 38,9 Mio.
100%
1. Frankreich 89,4 Mio.
100%
2. Spanien 82,8 Mio.
100%
3. Italien 62,2 Mio.
99%
10. Polen 19,6 Mio.
96%
9. Portugal 22,8 Mio.
96%
7. Griechenland 30,1 Mio.
95%
6. Österreich 30,8 Mio.
95%
5. Vereinigtes Königreich 36,3 Mio.
94%
13. Kroatien 16,7 Mio.
93%
11. Niederlande 19 Mio.
92%
8. Russland 24,6 Mio.
92%
15. Tschechien 13,7 Mio.
84%
12. Ungarn 17,2 Mio.
81%
14. Ukraine 14,2 Mio.
77%
Keine übereinstimmenden Quizze gefunden
Verteilung der Resultate
Anzahl Personen mit jedem Resultat
Perzentil nach korrekt beantworteten Fragen
Ihre Resultats-Entwicklung
Sie haben dieses Quiz noch nicht gespielt